000 00923nam a22002417a 4500
005 20110314102445.0
008 110314t xxu||||| |||| 00| 0 eng d
010 _aENG-102115
020 _a9788184840964
_c1450.00
035 _aEN-85648
037 _bDBAD / PUB
040 _adpl
_bEng
082 _a658.0018
100 _aSarabjit Singh
_926524
245 _aComputer applications in management /
_cby Sarabjit Singh [and] Sumeet Sharma
260 _aNew Delhi
_bRegal Publications
_c2011
270 _aF-159, Rajouri Garden
_bNew Delhi
_e110 027
_k011-45546396
_mregalbookspub@yahoo.com
300 _axii, 296 p. :
_c24 cm. (Hb)
_bill.
500 _aincludes index
700 _aSharma, Sumeet
_926525
942 _adpl
_cEN
_2ddc
_h658.0018
_mSAR
999 _c51038
_d51038